Statistiques concernant Culture Générale - Série 2283

Cliquez ici pour prendre le quiz!

Statistiques générales

  • Ce quiz a été pris 128 fois
  • Le résultat moyen est 7 sur 10

Statistiques - réponses

QuestionRéponse% Correct
Quel pays s'appelait autrefois "Perse" ?Iran
95%
Quelle est la capitale de l'Australie ?Canberra
91%
Quel philosophe français est l'auteur de "Candide" ? voir photoVoltaire
91%
Quelle est la capitale de la Biélorussie ?Minsk
88%
De quel pays est originaire la bossa nova ?Brésil
75%
Quel groupe a interprété "Hôtel California" en 1976 ?Eagles
68%
Dans quel état des Etats Unis se trouve "Le grand canyon" ?Arizona
63%
Quel pays est surnommé "Le toit du monde" ?Tibet
57%
Sous quel nom connait-on mieux le philosophe grec Aristoclès ?Platon
33%
Quel fleuve, long de 571 km, traverse le Liban,la Syrie, et la Turquie ?Oronte
6%

Distribution des résultats

Percentile par nombre de réponses

% des personnes avec chaque résultat

Votre développement - résultats

Vous n’avez pas pris ce quiz